<?xml version="1.0" encoding="UTF-8"?>
<collection xmlns="http://www.loc.gov/MARC21/slim">
 <record>
  <leader>00342pamaa2200133   4500</leader>
  <controlfield tag="001">0000035358</controlfield>
  <controlfield tag="005">20070329090000.0</controlfield>
  <datafield tag="020" ind1="0" ind2="0">
   <subfield code="a">9834039948 </subfield>
  </datafield>
  <datafield tag="090" ind1="0" ind2="0">
   <subfield code="a">PL2893.E59 </subfield>
   <subfield code="b">REN 2003</subfield>
  </datafield>
  <datafield tag="100" ind1="1" ind2="0">
   <subfield code="a">REN </subfield>
  </datafield>
  <datafield tag="245" ind1="1" ind2="0">
   <subfield code="a">Book on Ren Yu Nong : </subfield>
   <subfield code="b">vol 1-3  </subfield>
   <subfield code="c">Ren Yu Nong.</subfield>
  </datafield>
  <datafield tag="260" ind1="0" ind2="0">
   <subfield code="a">Kuala Lumpur: </subfield>
   <subfield code="b">Yi Xin Co, </subfield>
   <subfield code="c">2003.</subfield>
  </datafield>
  <datafield tag="300" ind1=" " ind2=" ">
   <subfield code="a">570p.; </subfield>
   <subfield code="c">22cm.</subfield>
  </datafield>
  <datafield tag="650" ind1="0" ind2="0">
   <subfield code="a">Autobiography </subfield>
  </datafield>
 </record>
</collection>
